Catholic University of Zimbabwe Library
Online Public Access Catalogue
(OPAC)

The Cultural Revolution (Record no. 27176)

MARC details
000 -LEADER
fixed length control field 02307cam a22005414a 4500
001 - CONTROL NUMBER
control field muse92059
003 - CONTROL NUMBER IDENTIFIER
control field MdBmJHUP
005 - DATE AND TIME OF LATEST TRANSACTION
control field 20210127151828.0
006 - FIXED-LENGTH DATA ELEMENTS--ADDITIONAL MATERIAL CHARACTERISTICS
fixed length control field m o d
007 - PHYSICAL DESCRIPTION FIXED FIELD--GENERAL INFORMATION
fixed length control field cr||||||||nn|n
008 - FIXED-LENGTH DATA ELEMENTS--GENERAL INFORMATION
fixed length control field 200918r20201968miu o 00 0 eng d
020 ## - INTERNATIONAL STANDARD BOOK NUMBER
International Standard Book Number 9780472902125
020 ## - INTERNATIONAL STANDARD BOOK NUMBER
Canceled/invalid ISBN 9780892640027
035 ## - SYSTEM CONTROL NUMBER
System control number (OCoLC)1196231851
040 ## - CATALOGING SOURCE
Original cataloging agency MdBmJHUP
Transcribing agency MdBmJHUP
043 ## - GEOGRAPHIC AREA CODE
Geographic area code a-cc---
050 #4 - LIBRARY OF CONGRESS CALL NUMBER
Classification number DS777.55
Item number .C79 1968
082 0# - DEWEY DECIMAL CLASSIFICATION NUMBER
Classification number 320.9/51/05
100 1# - MAIN ENTRY--PERSONAL NAME
Personal name Oksenberg, Michel,
Dates associated with a name 1938-
Relator term author.
245 14 - TITLE STATEMENT
Title The Cultural Revolution
Remainder of title 1967 in Review /
Statement of responsibility, etc. by Michel Oksenberg, Carl Riskin, Robert A. Scalapino, Ezra F. Vogel ; introduction by Alexander Eckstein.
264 #1 - PRODUCTION, PUBLICATION, DISTRIBUTION, MANUFACTURE, AND COPYRIGHT NOTICE
Name of producer, publisher, distributor, manufacturer Project Muse,
264 #3 - PRODUCTION, PUBLICATION, DISTRIBUTION, MANUFACTURE, AND COPYRIGHT NOTICE
Name of producer, publisher, distributor, manufacturer Project MUSE,
300 ## - PHYSICAL DESCRIPTION
Extent 1 online resource (1 EPUB unpaged.)
490 0# - SERIES STATEMENT
Series statement Michigan papers in Chinese studies ;
Volume/sequential designation no. 2
500 ## - GENERAL NOTE
General note Issued as part of book collections on Project MUSE.
504 ## - BIBLIOGRAPHY, ETC. NOTE
Bibliography, etc. note Includes bibliographical references.
505 0# - FORMATTED CONTENTS NOTE
Formatted contents note Occupational groups in Chinese society and the cultural revolution / by Michel Oksenberg -- The Chinese economy in 1967 / by Carl Riskin -- The cultural Revolution and Chinese foreign policy / by Robert A. Scalapino -- The structure of conflict: China in 1967 / by Ezra F. Vogel.
506 0# - RESTRICTIONS ON ACCESS NOTE
Terms governing access Open Access
Standardized terminology for access restriction Unrestricted online access
Source of term star
588 ## - SOURCE OF DESCRIPTION NOTE
Source of description note Description based on print version record.
610 20 - SUBJECT ADDED ENTRY--CORPORATE NAME
Corporate name or jurisdiction name as entry element Zhongguo gong chan dang
General subdivision Purges.
651 #0 - SUBJECT ADDED ENTRY--GEOGRAPHIC NAME
Geographic name China
General subdivision History
Chronological subdivision Cultural Revolution, 1966-1976.
655 #0 - INDEX TERM--GENRE/FORM
Genre/form data or focus term Electronic books.
655 #7 - INDEX TERM--GENRE/FORM
Genre/form data or focus term Electronic books.
Source of term local
700 1# - ADDED ENTRY--PERSONAL NAME
Personal name Eckstein, Alexander,
Dates associated with a name 1915-1976,
Relator term writer of introduction.
700 1# - ADDED ENTRY--PERSONAL NAME
Personal name Vogel, Ezra F.,
Relator term author.
700 1# - ADDED ENTRY--PERSONAL NAME
Personal name Scalapino, Robert A.,
Relator term author.
700 1# - ADDED ENTRY--PERSONAL NAME
Personal name Riskin, Carl,
Relator term author.
710 2# - ADDED ENTRY--CORPORATE NAME
Corporate name or jurisdiction name as entry element Project Muse,
Relator term distributor.
776 18 - ADDITIONAL PHYSICAL FORM ENTRY
Relationship information Print version:
Record control number (DLC) 78303130
International Standard Book Number 9780892640027
710 2# - ADDED ENTRY--CORPORATE NAME
Corporate name or jurisdiction name as entry element Project Muse.
Relator term distributor
830 #0 - SERIES ADDED ENTRY--UNIFORM TITLE
Uniform title Michigan papers in Chinese studies ;
Volume/sequential designation no. 2.
830 #0 - SERIES ADDED ENTRY--UNIFORM TITLE
Uniform title Book collections on Project MUSE.
856 40 - ELECTRONIC LOCATION AND ACCESS
Public note Full text available:
Uniform Resource Identifier <a href="https://muse.jhu.edu/book/77810/">https://muse.jhu.edu/book/77810/</a>
Holdings
Withdrawn status Lost status Source of classification or shelving scheme Damaged status Not for loan Home library Current library Shelving location Date acquired Total Checkouts Full call number Date last seen Uniform Resource Identifier Price effective from Koha item type
          Digital Library Digital Library Online Access 27.01.2021   DS777.55 .C79 1968 27.01.2021 https://muse.jhu.edu/book/77810/ 27.01.2021 eBook

OPENING HOURS

Weekdays: 0815hrs - 1800hrs
Weekends:0900hrs - 1200hrs

Closed for Mass:

Mon, Thur: 1200hrs - 1300hrs
Sunday & Public Holiday’s

CALL SUPPORT

0242-570570, 0242-570169
09200664, +263 8644140602

LOCATION

18443, Cranborne Avenue, Hatfield, Harare

Other Links


©2021 | CUZ Library